| 000 | 00453cam a2200169 4500 | ||
|---|---|---|---|
| 001 | 2341 | ||
| 005 | 20181127164955.0 | ||
| 008 | 730109s1973 nyu 000 1 eng | ||
| 010 | _a 73000260 | ||
| 020 | _a039309359X | ||
| 245 | 0 | 0 |
_aFiction / _c[compiled by] Jerome Beaty. |
| 250 | _a1st ed. | ||
| 300 |
_axxiv, 613 p. ; _c24 cm. |
||
| 440 | 4 | _aThe Norton introduction to literature | |
| 650 | 0 |
_aFiction _xCollections. |
|
| 700 | 1 |
_aBeaty, Jerome, _d1924- |
|
| 999 |
_c1868 _d1868 |
||